Türk gambiti / (Kayıt no. 9255)

MARC ayrıntıları
000 -BAŞLIK
Sabit Uzunluktaki Kontrol Alanı 00523nam a22001937a 4500
003 - KONTROL NUMARASI KİMLİĞİ
Kontrol Alanı KOHA_MİRAKIL
005 - EN SON İŞLEM TARİHİ ve ZAMANI
Kontrol Alanı 20251030164630.0
008 - SABİT UZUNLUKTAKİ VERİ ÖGELERİ - GENEL BİLGİ
Sabit Alan 251030b tu ||||| |||| 00| 0 tur d
020 ## - ISBN - ULUSLARARASI STANDART KİTAP NUMARASI
Isbn 9786051716305
040 ## - KATALOGLAMA KAYNAĞI
Özgün Kataloglama Kurumu TR-AnABB
Kataloglama Dili tur
Çeviri Kurumu TR-AnABB
041 ## - DİL KODU
Metin ya da ses kaydının dil kodu tur
082 ## - DEWEY ONU SINIFLAMA SİSTEMİ
Sınıflama Numarası 891.7344
Cutter numarası AKU 2018
100 1# - KİŞİ ADI
Yazar Adı (Kişi adı) Akunin, Boris,
245 10 - ESER ADI BİLDİRİMİ
Başlık Türk gambiti /
Sorumluluk Bildirimi Boris Akunin
260 ## - YAYIN, DAĞITIM, VB.
Yayın Yeri İstanbul :
Yayınevi Alfa Yayınları,
Yayın Tarihi 2018
300 ## - FİZİKSEL TANIMLAMA
Sayfa, Cilt vb. 245 sayfa ;
Boyutları 18 cm
650 04 - KONU BAŞLIĞI EK GİRİŞ - KONU TERİMİ
Konusal terim veya coğrafi ad Rus edebiyatı, roman
942 ## - EK GİRİŞ ÖGELERİ (KOHA)
Sınıflama Kaynağı Dewey Decimal Classification
Materyal Türü Kitap
900 ## - YEREL BİLGİ
Kontrol Gizem YORULMAZ
Mevcut
Geri Çekilme Durumu Kayıp Durumu Sınıflandırma Kaynağı Kredi için değil Kalıcı Konum Mevcut Konum Kayıt Tarih Toplam Ödünçverme Yer Numarası Demirbaş Numarası Son Görülme Tarihi Fatura Tarihi Materyal Türü
    Dewey Decimal Classification   Büyükşehir Genç Akademi Batıkent Büyükşehir Genç Akademi Batıkent 30/10/2025   891.7344 AKU 2018 ABB124994 30/10/2025 30/10/2025 Kitap